Territorios franceses 🇫🇷 - Estadísticas

Estadísticas generales
  • Esta prueba ha sido intentada 18 veces
  • La puntuación promedio es 7 de 13
Estadísticas de respuestas
Continente Territorio % Correcto
Sudámerica Guayana Francesa 🇬🇫
94%
Europa Francia 🇫🇷
81%
África Reunión 🇷🇪
81%
Oceanía Nueva Caledonia 🇳🇨
69%
África Mayotte 🇾🇹
63%
Norteamérica San Pedro y Miquelón 🇵🇲
63%
Norteamérica Guadalupe 🇬🇵
56%
Oceanía Polinesia Francesa 🇵🇫
56%
Norteamérica San Martín 🇫🇷
56%
Oceanía Wallis y Futuna 🇼🇫
50%
Norteamérica San Bartolomé 🇧🇱
25%
- Tierras australes y Antárticas Francesas 🇹🇫
19%
- Isla Clipperton 🇫🇷
6%
No se encontraron pruebas coincidentes
Distribución de puntuación
Porcentaje de gente con cada puntuación
Porcentaje por número respondido
Historial de tus puntuaciones
No has intentado esta prueba.